KOHA-Header-6

Management Information Systems (Record no. 8060)

000 -LEADER
fixed length control field 00252nam a2200109Ia 4500
020 ## - INTERNATIONAL STANDARD BOOK NUMBER
ISBN 978-0073376769
100 ## - MAIN ENTRY--AUTHOR NAME
Personal name James A. O' Brien
245 #0 - TITLE STATEMENT
Title Management Information Systems
260 ## - PUBLICATION, DISTRIBUTION, ETC. (IMPRINT)
Place of publication New Delhi
Name of publisher Prentice Hall
Year of publication 1991
300 ## - PHYSICAL DESCRIPTION
Number of Pages 620
942 ## - ADDED ENTRY ELEMENTS (KOHA)
Koha item type Books
Holdings
Withdrawn status Lost status Collection code Permanent Location Current Location Shelving location Date acquired Full call number Accession Number Koha item type
    Management MAJU MAJU   2019-09-13 658.4 2450 Management

Powered by Koha